Equidad, desarrollo y ciudadanía
Contenido: Capítulo 1: El legado de los años noventa.-Capítulo 2: Equidad, desarrollo y cuidadanía: una visión global.-Capítulo 3: Principios de la política social y lucha contra la pobreza.-Capítulo 4: Educación para la equidad, la competitividad y la cuidadanía.-Capítulo 5: Empleo: equidad e insti...
Gorde:
| Erakunde egilea: | |
|---|---|
| Formatua: | Texto |
| Argitaratua: |
Santiago:
CEPAL
|
| Edizioa: | 0 |
| Gaiak: | |
| Etiketak: |
Etiketa erantsi
Etiketarik gabe, Izan zaitez lehena erregistro honi etiketa jartzen!
|
MARC
| LEADER | 00000 a a2200000 04500 | ||
|---|---|---|---|
| 001 | 26698 | ||
| 003 | |||
| 040 | |||
| 020 | |a 92-1-321628-9 | ||
| 090 | |a 149500 | ||
| 110 | |a CEPAL | ||
| 245 | |a Equidad, desarrollo y ciudadanía | ||
| 250 | |a 0 | ||
| 260 | |a Santiago: |b CEPAL | ||
| 300 | |a 334 p |b **no definido** |b fonodiscos | ||
| 520 | |a Contenido: Capítulo 1: El legado de los años noventa.-Capítulo 2: Equidad, desarrollo y cuidadanía: una visión global.-Capítulo 3: Principios de la política social y lucha contra la pobreza.-Capítulo 4: Educación para la equidad, la competitividad y la cuidadanía.-Capítulo 5: Empleo: equidad e institucionalidad.-Capítulo 6: Reformas y equidad en la seguridad social.-Capítulo 7: Gasto social y retos de cobertura.-Capítulo 8: Una macroeconomía más estable.-Capítulo 9: Un crecimiento más dinámico.-Capítulo 10: Políticas de transformación productiva.-Capítulo 11: Las economías más pequeñas de América Latina y el Caribe: especificidades y desafíos.-Capítulo 12: Reducir el déficit regulatorio en los servicios públicos.-Capítulo 13: Consolidar los espacios del desarrollo sostenible.-Capítulo 14: Ciudadanía, igualdad y cohesión social: la ecuación pendiente. Doc/WMV | ||
| 650 | |a DESARROLLO ECONOMICO Y SOCIAL | ||
| 650 | |a POLITICA SOCIAL | ||
| 650 | |a POLITICA ECONOMICA | ||
| 650 | |a CIUDADANIA | ||
| 650 | |a ESTADISTICAS ECONOMICAS | ||
| 650 | |a ESTADISTICAS DE LA EDUCACION | ||
| 650 | |a ESTADISTICAS DEL TRABAJO | ||
| 650 | |a ESTADISTICAS SOCIALES | ||
| 650 | |a ESTADISTICAS DEMOGRAFICAS | ||
| 999 | |c 2577 |d 2577 | ||



